[Event "Latham op"]
[Site "Latham"]
[Date "2004.01.24"]
[Round "3"]
[White "Rotter, Robert J"]
[Black "Troyan, James"]
[Result "0-1"]
[WhiteElo "1760"]
[BlackElo "2002"]
[PlyCount "120"]
[EventDate "2004.01.23"]
[EventType "swiss"]
[EventRounds "5"]
[EventCountry "USA"]
[SourceTitle "EXT 2007"]
[Source "ChessBase"]
[SourceDate "2006.11.23"]
[SourceVersion "1"]
[SourceVersionDate "2006.11.23"]
[SourceQuality "1"]

1. Nf3 Nf6 2. g3 b6 3. Bg2 Bb7 4. 0-0 e6 5. c4 Be7 6. Nc3 0-0 7. d4 d5 8. cxd5 exd5 9. Bf4 c5 10. Rc1 a6 11. e3 c4 12. Bxb8 Rxb8 13. Ne5 Qd6 14. Qc2 b5 15. a3 Nd7 16. Rcd1 f6 17. Nxd7 Qxd7 18. e4 dxe4 19. Bxe4 Bxe4 20. Qxe4 Rfe8 21. Qd5+ Qxd5 22. Nxd5 Bd6 23. Rfe1 Kf7 24. Kf1 Red8 25. Nb4 Ra8 26. Nc6 Rd7 27. Re3 Rc8 28. d5 Bc5 29. Ree1 Rcc7 30. Kg2 Rd6 31. Re2 Bb6 32. Red2 a5 33. Kf3 Rc8 34. Kg2 b4 35. axb4 axb4 36. Rd4 Bxd4 37. Rxd4 c3 38. bxc3 bxc3 39. Rc4 Kf8 40. Rxc3 Rxd5 41. Rc4 Rd2 42. Ne5 Ra8 43. Ng4 Raa2 44. Rf4 Ke7 45. h4 Re2 46. Rf3 Ke6 47. Re3+ Kf5 48. Rxe2 Rxe2 49. Kf3 Ra2 50. Ne3+ Kg6 51. g4 Ra4 52. Nc2 Ra3+ 53. Ne3 h5 54. Kf4 Ra4+ 55. Kg3 hxg4 56. Nxg4 Kh5 57. f3 f5 58. Ne5 Rxh4 59. Ng6 Ra4 60. Nf4+ Kg5 0-1

[Event "East Greenbush op"]
[Site "East Greenbush"]
[Date "2003.11.15"]
[Round "3"]
[White "Murphy, Trevor M"]
[Black "Rotter, Robert J"]
[Result "0-1"]
[WhiteElo "1398"]
[BlackElo "1760"]
[PlyCount "82"]
[EventDate "2003.11.15"]
[EventType "swiss"]
[EventRounds "4"]
[EventCountry "USA"]
[SourceTitle "EXT 2008"]
[Source "ChessBase"]
[SourceDate "2007.11.25"]
[SourceVersion "1"]
[SourceVersionDate "2007.11.25"]
[SourceQuality "1"]

1. d4 Nf6 2. Bg5 Ne4 3. Bf4 g5 4. Bc1 h6 5. f3 Nf6 6. e4 d5 7. e5 Nfd7 8. Qe2 c5 9. e6 fxe6 10. Qxe6 Nf6 11. Bb5+ Bd7 12. Bxd7+ Qxd7 13. Qxd7+ Nbxd7 14. Be3 e5 15. dxc5 Nxc5 16. Bxc5 Bxc5 17. Nc3 Rc8 18. 0-0-0 Kf7 19. Nxd5 Rhd8 20. Nxf6 Be3+ 21. Rd2 Bxd2+ 22. Kb1 Kxf6 23. Ne2 Ba5 24. Ng3 Ke6 25. Ne4 Rc4 26. c3 b5 27. b4 Bb6 28. Kb2 Rxe4 29. fxe4 Rd2+ 30. Kb3 Rxg2 31. a4 bxa4+ 32. Kxa4 Re2 33. Rc1 Rxe4 34. c4 Bd4 35. c5 Kd7 36. Kb5 Kc7 37. c6 Re2 38. Rf1 Rf2 39. Rg1 a6+ 40. Kxa6 Ra2+ 41. Kb5 Bxg1 0-1

[Event "Niskayuna op"]
[Site "Niskayuna"]
[Date "2003.04.12"]
[Round "2"]
[White "Rotter, Robert J"]
[Black "Battes, Lee T"]
[Result "1/2-1/2"]
[WhiteElo "1726"]
[BlackElo "2018"]
[PlyCount "100"]
[EventDate "2003.04.12"]
[EventType "swiss"]
[EventRounds "4"]
[EventCountry "USA"]
[SourceTitle "EXT 2008"]
[Source "ChessBase"]
[SourceDate "2007.11.25"]
[SourceVersion "1"]
[SourceVersionDate "2007.11.25"]
[SourceQuality "1"]

1. e4 c5 2. Nf3 d6 3. d4 cxd4 4. Nxd4 Nf6 5. Nc3 a6 6. g3 e5 7. Nde2 Be6 8. Bg2 Qc7 9. 0-0 Nbd7 10. Nd5 Bxd5 11. exd5 Rc8 12. c3 Be7 13. Be3 0-0 14. h3 b5 15. Qd2 Nc5 16. Rfc1 Nfe4 17. Qc2 f5 18. b4 Na4 19. Bxe4 fxe4 20. Qxe4 Qd7 21. Kg2 Rc4 22. Qd3 Rfc8 23. Rc2 Qc7 24. Rac1 Bf6 25. Qd2 h5 26. Bg5 Bxg5 27. Qxg5 Qf7 28. Qd2 Rf8 29. Ng1 Nb6 30. Rd1 h4 31. Qd3 Na4 32. Qe3 Qf5 33. Rdc1 e4 34. Rd2 Qe5 35. Rd4 hxg3 36. fxg3 Nxc3 37. Rxc4 Nxd5 38. Qxe4 Ne3+ 39. Kh1 Nxc4 40. Qxe5 dxe5 41. Re1 Rf2 42. Re2 Rxe2 43. Nxe2 Ne3 44. Nc3 Kf7 45. Kg1 Ke6 46. a3 Nc4 47. a4 Nd6 48. Kf2 e4 49. axb5 axb5 50. Ke3 Ke5 1/2-1/2

[Event "Niskayuna op"]
[Site "Niskayuna"]
[Date "2003.04.12"]
[Round "3"]
[White "Sells, Philip Grant"]
[Black "Rotter, Robert J"]
[Result "0-1"]
[WhiteElo "1776"]
[BlackElo "1726"]
[PlyCount "96"]
[EventDate "2003.04.12"]
[EventType "swiss"]
[EventRounds "4"]
[EventCountry "USA"]
[SourceTitle "EXT 2008"]
[Source "ChessBase"]
[SourceDate "2007.11.25"]
[SourceVersion "1"]
[SourceVersionDate "2007.11.25"]
[SourceQuality "1"]

1. Nf3 Nf6 2. c4 g6 3. d4 Bg7 4. Nc3 0-0 5. e4 d6 6. Be2 e5 7. Be3 Nc6 8. d5 Ne7 9. b4 Nh5 10. Nd2 Nf4 11. 0-0 Nxe2+ 12. Qxe2 f5 13. f3 f4 14. Bf2 g5 15. c5 Ng6 16. Nc4 Rf7 17. cxd6 cxd6 18. Nb5 Bf8 19. Nxa7 Bd7 20. Bb6 Qf6 21. Na5 Be8 22. Rfc1 h5 23. Rc3 g4 24. Bf2 g3 25. hxg3 fxg3 26. Be3 Qh4 27. Kf1 Qh1+ 28. Bg1 Rxa7 29. Qe3 Bb5+ 30. Ke1 Ra8 31. Kd2 Qxg2+ 32. Kc1 h4 33. a4 h3 34. Rc2 Qxf3 35. Qxf3 Rxf3 36. axb5 b6 37. Kb2 bxa5 38. bxa5 Nf4 39. a6 Nd3+ 40. Kb3 Nc5+ 41. Kb4 Be7 42. a7 Rb3+ 43. Kc4 Rf3 44. Bxc5 dxc5 45. b6 Bd6 46. b7 Rxa7 47. Rxa7 g2 48. Rb2 g1Q 0-1